Spanish and English legal and commercial dictionary : a revision and enlargement of the Law translator's reference glossary ... /

Bibliographic Details
Main Author: Tejada y Sáinz, Juan de Dios
Format: Book
Language:English
Spanish
Published: Santa Maria del Rosario, Cuba : Editorial Var+I+Tek, 1945.
Subjects:

MARC

Tag First Indicator Second Indicator Subfields
LEADER 00000cam a2200000 4500
001 in00000066838
005 20151008050802.0
008 750924s1945 cu dd 00010 eng
010 |a  47024333  
035 |a (OCoLC)01652876 
035 |9 AAG3348AM 
040 |a DLC  |c DZM  |d TXA  |d UtOrBLW 
041 0 |a eng  |a spa 
049 |a TXAM  |c [240093] 
090 |a K52.S6  |b T442 1995 
092 |a 340.03  |b T266s 
100 1 |a Tejada y Sáinz, Juan de Dios. 
245 1 0 |a Spanish and English legal and commercial dictionary :  |b a revision and enlargement of the Law translator's reference glossary ... /  |c by Juan de Dios Tejada y Sainz ... 
264 1 |a Santa Maria del Rosario, Cuba :  |b Editorial Var+I+Tek,  |c 1945. 
300 |a 3 preliminary leaves, ix-xii, 124 pages, 6 unnumbered pages, 158 pages ;  |c 24 cm. 
336 |a text  |b txt  |2 rdacontent 
337 |a unmediated  |b n  |2 rdamedia 
338 |a volume  |b nc  |2 rdacarrier 
500 |a Added to.-p. in Spanish. 
505 1 |a pt. I. English-Spanish.--pt. II. Spanish-English. 
650 0 |a Law  |z Spain  |x Dictionaries. 
650 0 |a English language  |v Glossaries, vocabularies, etc. 
650 0 |a Spanish language  |v Glossaries, vocabularies, etc. 
999 |a MARS 
999 f f |s 9ec5150c-cfca-3348-967c-06aeba727a25  |i 1a8aad6d-4b73-3900-9810-19779febb79d  |t 0 
952 f f |p ric  |a Texas A&M University  |b Rellis Campus  |c Joint Library Facility  |d Remote Storage  |t 0  |e K52.S6 T442 1995  |h Library of Congress classification  |i unmediated -- volume  |m A14800779711 
998 f f |a K52.S6 T442 1995  |t 0  |l Remote Storage